Normal view
MARC view
- Mr. Yousaf
Entry Personal Name
001 - CONTROL NUMBER
- control field: 34459
003 - CONTROL NUMBER IDENTIFIER
- control field: NUST
005 - DATE AND TIME OF LATEST TRANSACTION
- control field: 20201023120120.0
008 - FIXED-LENGTH DATA ELEMENTS
- fixed length control field: 201023|| aca||aabn | a|a d
040 ## - CATALOGING SOURCE
- Original cataloging agency: NUST
- Transcribing agency: NUST
100 ## - HEADING--PERSONAL NAME
- Personal name: Mr. Yousaf
670 ## - SOURCE DATA FOUND
- Source citation: Work cat.: (NUST): Zaman, Anam ; Shabbir, Lubaina ; Rehan, Sahar and Shiraz, Sumayya 34458, Engineering Economics Semester Project :, 0000.
